000 00885nmm a2200277 a 4500
001 ocm0001864947
003 TR-IsHL
005 20201028172731.0
008 180520s2018 tu tur
007 cr cn
020 _a9786052259511
035 _a1864947
_b(N$T)
050 0 4 _aPZ8.1
_b.G87 2018
090 0 4 _aPZ8.1
_b.G87 2018
100 1 _aGrierson, Elizabeth W.
245 1 0 _aThe scottish fairy book
_h[electronic resource] /
_cElizabeth W. Grierson
250 _aFirst edition
260 _aİstanbul :
_bE-Kitap Projesi,
_c2018
300 _a237 p.
650 4 _aDil ve Edebiyat
650 4 _aLanguage and Literature
650 0 _aPeri masalları
650 0 _aFairy tales
650 7 _aFICTION / Fairy Tales, Folk Tales, Legends & Mythology
_2bisacsh
856 4 0 _uhttp://search.ebscohost.com/login.aspx?direct=true&scope=site&db=e011xww&AN=1864947
999 _c17347
_d17347